| 000 | 00645nam a2200205Ia 4500 | ||
|---|---|---|---|
| 008 | 140626s9999 xx 000 0 und d | ||
| 100 | _aLiew, Kai Khium. | ||
| 245 |
_aNew media and new politics with old cemeteries and disused railways : _b advocacy goes digital in Singapore / _c Kai Khium ... [et al.].Liew |
||
| 260 | _cc2013. | ||
| 300 | _a23 : 6, page 605 | ||
| 440 | _aAsian Journal of Communication | ||
| 521 | _aMC | ||
| 650 | _aBook conservationist. | ||
| 650 | _aCyberactivitism. | ||
| 650 | _aFacebook conservationist. | ||
| 650 | _aHeritage conservation. | ||
| 650 | _aNew media. | ||
| 650 | _aSingapore. | ||
| 942 | _cSE | ||
| 999 |
_c121235 _d121235 |
||